000 01105nam a22002537a 4500
005 2010081605465.0
008 090601t xxu||||| |||| 00| 0 Ur d
010 _aUR-7740
020 _c200.00
_a8190377450
035 _aU-6295
040 _adpl
_bUrdu
082 _a840.8
100 _aمحّمد علی اثر
_913525
245 _aتحقیقات وتاثرات /
_cمحّمد علی اثر
246 _aTahqiqat-O-Tassurat /
_bby Mohammed Ali Asar
260 _aحیدرآباد
_c2008
_bنشاط پالیشرز
270 _a9/20-4-226, Mahboob Chowk
_bHyderabad
_e500002
300 _a192 ص
_b22 س م (Pbk)
700 _913766
710 _aساحل احمد
_913526
942 _2ddc
_cUR
_h840.8
_mم ح م
999 _c42086
_d42086